[Event "LSS No Engine Cup 228 Preliminary 0"]
[Site "LSS email"]
[Date "2022.07.09"]
[Round "?"]
[White "Eschert, Uwe"]
[Black "Molina, Vicente Andres"]
[Result "1-0"]
[WhiteElo "1729"]
[BlackElo "1014"]
[PlyCount "35"]
[EventDate "2022.07.09"]
[EventType "tourn (corr)"]
[EventRounds "6"]
[EventCountry "GER"]
[SourceTitle "Corr 2024"]
[Source "ChessBase"]
[SourceDate "2023.10.19"]
[SourceVersion "1"]
[SourceVersionDate "2023.10.19"]
[SourceQuality "1"]

1. e4 g6 2. d4 Bg7 3. Nc3 c5 4. dxc5 Nc6 5. Be3 Nf6 6. Qd2 0-0 7. f3 a6 8. 0-0-0 Qc7 9. Nh3 Ne5 10. Kb1 Qa5 11. Nd5 Qxd2 12. Rxd2 Nxd5 13. Rxd5 Nc6 14. Bc4 b5 15. cxb6 Ne5 16. Be2 Bb7 17. f4 Bxd5 18. exd5 1-0

[Event "LSS No Engine Cup 228 Preliminary 0"]
[Site "LSS email"]
[Date "2022.07.09"]
[Round "?"]
[White "Ozen, Bahadir"]
[Black "Eschert, Uwe"]
[Result "1-0"]
[WhiteElo "1600"]
[BlackElo "1729"]
[PlyCount "47"]
[EventDate "2022.07.09"]
[EventType "tourn (corr)"]
[EventRounds "6"]
[EventCountry "GER"]
[SourceTitle "Corr 2024"]
[Source "ChessBase"]
[SourceDate "2023.10.19"]
[SourceVersion "1"]
[SourceVersionDate "2023.10.19"]
[SourceQuality "1"]

1. e4 c5 2. Nf3 d6 3. d4 cxd4 4. Nxd4 Nf6 5. Nc3 e5 6. Bb5+ Nbd7 7. Nf5 a6 8. Ba4 b5 9. Bb3 Nc5 10. Bg5 Bxf5 11. exf5 Be7 12. 0-0 0-0 13. Bxf6 Bxf6 14. Nd5 Re8 15. c3 e4 16. Qg4 Nd3 17. Qe2 b4 18. Bc4 bxc3 19. bxc3 Nc5 20. Rab1 Re5 21. Qg4 Rc8 22. g3 Ra8 23. Rfd1 h6 24. Kg2 1-0

[Event "LSS No Engine Cup 224 Preliminary 0"]
[Site "LSS email"]
[Date "2022.01.08"]
[Round "?"]
[White "Eschert, Uwe"]
[Black "Louro, Eugenio"]
[Result "1/2-1/2"]
[WhiteElo "1744"]
[BlackElo "1975"]
[PlyCount "59"]
[EventDate "2022.01.08"]
[EventType "tourn (corr)"]
[EventRounds "6"]
[EventCountry "GER"]
[SourceTitle "Corr 2024"]
[Source "ChessBase"]
[SourceDate "2023.10.19"]
[SourceVersion "1"]
[SourceVersionDate "2023.10.19"]
[SourceQuality "1"]

1. e4 c6 2. d4 d5 3. e5 c5 4. dxc5 e6 5. Be3 Qc7 6. Nf3 Bxc5 7. Bxc5 Qxc5 8. Bd3 Ne7 9. 0-0 Nbc6 10. Re1 Qb6 11. b3 Bd7 12. Nc3 h6 13. Na4 Qa5 14. Qd2 Qxd2 15. Nxd2 Nb4 16. Nc5 b6 17. Nxd7 Kxd7 18. Bb5+ Kd8 19. Rec1 a6 20. Bf1 Nbc6 21. Nf3 g5 22. h3 Kc7 23. Re1 g4 24. hxg4 Rhg8 25. c4 Rxg4 26. Rac1 dxc4 27. Bxc4 b5 28. Bd3 Kb6 29. Be4 Rd8 30. a3 1/2-1/2

[Event "LSS No Engine Cup 207 Preliminary 0"]
[Site "LSS email"]
[Date "2020.09.16"]
[Round "?"]
[White "Eschert, Uwe"]
[Black "Schleef, Harald"]
[Result "0-1"]
[WhiteElo "1820"]
[BlackElo "2266"]
[PlyCount "22"]
[EventDate "2020.09.16"]
[EventType "tourn (corr)"]
[EventRounds "6"]
[EventCountry "GER"]
[SourceTitle "Corr 2022"]
[Source "ChessBase"]
[SourceDate "2021.10.24"]
[SourceVersion "1"]
[SourceVersionDate "2021.10.24"]
[SourceQuality "1"]

1. e4 c6 2. d4 d5 3. e5 Bf5 4. Nf3 e6 5. Be2 Bg6 6. 0-0 Ne7 7. c3 h6 8. Be3 Nf5 9. Nbd2 Nd7 10. h3 Nxe3 11. fxe3 Be7 0-1

[Event "LSS No Engine Cup 207 Preliminary 0"]
[Site "LSS email"]
[Date "2020.09.16"]
[Round "?"]
[White "Sabbatini, Giuseppe"]
[Black "Eschert, Uwe"]
[Result "1-0"]
[WhiteElo "2079"]
[BlackElo "1820"]
[PlyCount "25"]
[EventDate "2020.09.16"]
[EventType "tourn (corr)"]
[EventRounds "6"]
[EventCountry "GER"]
[SourceTitle "Corr 2022"]
[Source "ChessBase"]
[SourceDate "2021.10.24"]
[SourceVersion "1"]
[SourceVersionDate "2021.10.24"]
[SourceQuality "1"]

1. e4 c5 2. Nf3 Nc6 3. Bb5 g6 4. 0-0 Bg7 5. Nc3 e5 6. d3 Nge7 7. Bg5 0-0 8. a4 h6 9. Be3 d6 10. Nd2 a6 11. Bc4 b5 12. axb5 Nd4 13. Nd5 1-0